| 000 | 01411nam a22001697a 4500 | ||
|---|---|---|---|
| 003 | NUST | ||
| 020 | _a0070702217 | ||
| 082 | _a621.3822,ROB | ||
| 100 |
_aRoberts, Michael J. _965660 |
||
| 245 |
_aFundamentals of signal and systems / _cMichael J. Roberts & Govind Sharma |
||
| 250 | _a2nd Edition | ||
| 260 |
_aMcGraw Hill _bIndia _c2010 |
||
| 300 | _axxi, 766 p | ||
| 505 | _aIntroduction (Page-1), Mathematical description of continuous time signals (Page-18), Mathematical description of discrete time signals (Page-69), Random signals- Continuous time (Page-104), Random signals- Discrete tieme (Page-129), Properties of continuous time systems (Page-139), Discrete time systems properties (Page-169), Time domain analysis of continuous time systems (Page-180), Time domain analysis of discrete time systems (Page-213), The continuous time fourier systems (Page-243), The discrete time fourier series (Page-291), The continuous time fourier transform (Page-335), The discrete time fourier transorm (Page-385), Continuous time fourier transform analysis (Page-422), Discrete time fourier transform analysis of signals and system (Page-452), Sampling and the discrete fourier transform (Page-475), Correlation, energy spectral density and power spectral (Page-521), The laplace transform (Page-556), The z transform (Page-632). | ||
| 650 |
_aFundamentals of signal and systems _9105037 |
||
| 942 |
_2ddc _cBK |
||
| 999 |
_c592706 _d592706 |
||